000 00289nam a2200097Ia 4500
008 190716s9999 xx 000 0 und d
082 _aTD-50#
100 _aDhadave, Mallikarjun Shankarap
245 0 _aIntegration of slum into the community : a case study of Gulbarga city
942 _cMF
_2DDC
999 _c24660
_d24660